Βυζάντιο : εισαγωγή στο Βυζαντινό πολιτισμό
Αποθηκεύτηκε σε:
| Κύριος συγγραφέας: | |
|---|---|
| Άλλοι συγγραφείς: | |
| Μορφή: | Βιβλίο |
| Γλώσσα: | Greek |
| Δημοσίευση: |
Αθήνα :
Δημ.Ν.Παπαδήμας,
1986
|
| Έκδοση: | 3η εκδ. |
| Θέματα: | |
| Ετικέτες: |
Προσθήκη ετικέτας
Δεν υπάρχουν, Καταχωρήστε ετικέτα πρώτοι!
|
MARC
| LEADER | 00000cam a2200000 i 4500 | ||
|---|---|---|---|
| 001 | 1/74130 | ||
| 008 | 960513s1986 gre d | ||
| 035 | |a 1989 |b 1 |c Δωρεά |l 10031711 | ||
| 040 | |a GR-MY-UA |b gre |e aacr | ||
| 041 | 0 | |a gre | |
| 082 | 0 | |a 938.3 | |
| 100 | 1 | |a Baynes, Norman Hepburn, |d 1877-1961. | |
| 245 | 1 | 0 | |a Βυζάντιο : |b εισαγωγή στο Βυζαντινό πολιτισμό / |c Norman H.Baynes και H.St.L.B. Moss ; μετάφραση, πρόλογος, σημειώσεις, συμπληρωματική βιβλιογραφία και πίνακες Δημητρίου Ν.Σακκά |
| 250 | |a 3η εκδ. | ||
| 260 | |a Αθήνα : |b Δημ.Ν.Παπαδήμας, |c 1986 | ||
| 300 | |a 643 σ.; |c 22 εκ. | ||
| 650 | 0 | 0 | |a Art, Byzantine. |
| 651 | 0 | |a Byzantine Empire |x Civilization. | |
| 651 | 0 | |a Byzantine Empire |x Politics and government. | |
| 700 | 1 | |a Moss, H. St. L. B. |q (Henry St. Lawrence Beaufort) | |
| 852 | |a INST |b LEMNOS |e 20141128 |h 938.3 BAY |p 005600001605 |q 005600001605 |t BK |y 0 | ||
| 852 | |a INST |b RHODES |e 19960513 |h 938.3 BAY |p 005400002988 |q 005400002988 |t BK |y 0 | ||
| 852 | |a INST |b RHODES |e 19960513 |h 938.3 BAY |p 005400002989 |q 005400002989 |t BK |y 0 | ||
| 852 | |a INST |b RHODES |e 19960513 |h 938.3 BAY |p 005400002990 |q 005400002990 |t BK |y 0 | ||
| 852 | |a INST |b RHODES |c KRI |e 20051124 |h 938.3 BAY |p 005400028519 |q 005400028519 |t BK |y 0 | ||
| 901 | |a BIBL6-2014-3 | ||
| 909 | |a Ρ |b 009993 |c 1989 | ||
| 909 | |a Ρ |b 009994 |c 1989 | ||
| 909 | |a Ρ |b 009995 |c 1989 | ||
| 909 | |a Ρ |b 122666 | ||
| 909 | |a Μ |b 161475 | ||
| 920 | |a ΚΡΙΚΩΝΗΣ |b ΔΗΜΗΤΡΙΟΣ Ι. |y ΡΟΔΟΣ |z 2004-10 | ||
| 970 | |a ΣΙΔΕΡΗ |b ΝΕΚΤΑΡΙΑ |z 2005/10/30 | ||